Spring in the air for manufacturers (Record no. 69701)

MARC details
000 -LEADER
fixed length control field 01190cam a2200253 4500
001 - CONTROL NUMBER
control field WB3809-02
008 - FIXED-LENGTH DATA ELEMENTS--GENERAL INFORMATION
fixed length control field 020305n2002 000 0 eng u
035 ## - SYSTEM CONTROL NUMBER
System control number (Sirsi) u117011
245 ## - TITLE STATEMENT
Title Spring in the air for manufacturers
260 ## - PUBLICATION, DISTRIBUTION, ETC.
Date of publication, distribution, etc. 2002
490 ## - SERIES STATEMENT
Series statement Daily Telegraph
Volume/sequential designation 2 March 2002, 31;
490 ## - SERIES STATEMENT
Series statement Guardian
Volume/sequential designation 2 March, 24(2)
520 ## - SUMMARY, ETC.
Summary, etc. The first signs of growth in more than a year were seen in Britain's manufacturing sector in February, according to the Chartered Institute of Purchasing & Supply (CIPS) The institute's monthly report "UK purchasing managers' index" jumped from 46.4 in January to 50.1 last month, rising above the no change mark of 50.0 for the first time since February 2001, and recording the second largest increase in the survey's 10-year history. The CIPS monthly reports can be viewed on the CIPS web site ttp://www.cips.org/news/reports.asp
590 ## - LOCAL NOTE (RLIN)
Local note WB
650 ## - SUBJECT ADDED ENTRY--TOPICAL TERM
Topical term or geographic name entry element MANUFACTURING SECTOR
650 ## - SUBJECT ADDED ENTRY--TOPICAL TERM
Topical term or geographic name entry element CHARTERED INSTITUTE OF PURCHASING & SUPPLY
650 ## - SUBJECT ADDED ENTRY--TOPICAL TERM
Topical term or geographic name entry element MANUFACTURERS
650 ## - SUBJECT ADDED ENTRY--TOPICAL TERM
Topical term or geographic name entry element CONSUMER SPENDING
650 ## - SUBJECT ADDED ENTRY--TOPICAL TERM
Topical term or geographic name entry element BANK OF ENGLAND
650 ## - SUBJECT ADDED ENTRY--TOPICAL TERM
Topical term or geographic name entry element RECOVERY
650 ## - SUBJECT ADDED ENTRY--TOPICAL TERM
Topical term or geographic name entry element INDICES
690 ## - LOCAL SUBJECT ADDED ENTRY--TOPICAL TERM (OCLC, RLIN)
Topical term or geographic name as entry element BUILT ENVIRONMENT
942 ## - ADDED ENTRY ELEMENTS (KOHA)
Suppress in OPAC 0
Holdings
Withdrawn status Lost status Source of classification or shelving scheme Damaged status Not for loan Home library Current library Shelving location Date acquired Total Checkouts Full call number Barcode Date last seen Copy number Price effective from Koha item type
    Dewey Decimal Classification     London London News article 05/03/2002   WB3809-02 117011-1001 06/08/2019 1 06/08/2019 News article